Normal view
MARC view
- Spence, Colin
Entry Personal Name
001 - CONTROL NUMBER
- control field: 96443
003 - CONTROL NUMBER IDENTIFIER
- control field: NUST
005 - DATE AND TIME OF LATEST TRANSACTION
- control field: 20220803133326.0
008 - FIXED-LENGTH DATA ELEMENTS
- fixed length control field: 220803|| aca||aabn | a|a d
040 ## - CATALOGING SOURCE
- Original cataloging agency: NUST
- Transcribing agency: NUST
100 ## - HEADING--PERSONAL NAME
- Personal name: Spence, Colin
670 ## - SOURCE DATA FOUND
- Source citation: Work cat.: (NUST)176430: Spence, Colin., Microsoft SharePoint 2003 unleashed / , c2006.
